| 000 | 01462nam0a22003371 4500 | ||
|---|---|---|---|
| 001 | rc\3194201 | ||
| 005 | 20260408003134.0 | ||
| 021 |
_aRU _bРг1091-77 |
||
| 021 |
_aRU _b76-ОЭ-242/12 |
||
| 035 | _a(NLR Aleph) 007355338 | ||
| 090 |
_a6251924 _c6251924 |
||
| 100 | _a20120628d1976 u y0rusy50 ca | ||
| 101 | 0 | _arus | |
| 102 | _aRU | ||
| 105 | _ay z ||||| | ||
| 200 | 1 |
_aПринципы конструирования крупнопанельных и монолитных жилых зданий _e[Докл. _fСимпозиум по многоэтажным зданиям |
|
| 210 |
_aМосква _cБ. и. _d1976] |
||
| 215 |
_a12 л. _d29 |
||
| 300 | _aНа 3-м л. авт.: к. т. н. Маклакова Г., инж. Сергеев Д.Д., к. т. н. Соколов, М.Е. | ||
| 320 | _aБиблиогр.: л. 12 | ||
| 700 | 1 |
_6z01790 _aМаклакова _bТ.Г. _gТатьяна Георгиевна |
|
| 701 | 1 |
_aСоколов _bМ.Е. |
|
| 701 | 1 |
_7ca _8rus _aСергеев _bД. Д. _cинженер, архитектура _gДмитрий Дмитриевич _9213695 _3RU\NLR\AUTH\770213751 |
|
| 712 | 1 | 2 |
_a"Многоэтажные здания", международный симпозиум _d3 _f1976 _eМосква _3RU\NLR\AUTH\8810167639 _9831091 |
| 790 | 1 |
_6z01700 _aМаклакова _bГ. |
|
| 801 | 0 |
_aRU _bNLR _gpsbo |
|
| 801 | 1 |
_aRU _bELAR _2rusmarc |
|
| 852 |
_aNLR _j77-8/86 |
||
| 942 | _cBOOK | ||
| 980 | _aNB | ||